000 00625nam a2200181Ia 4500
008 090124s9999 xx 000 0 und d
082 _b28284
100 _aधर्माधिकारी
245 _a अस्वस्थ दशकाची डायरी
250 _a1
260 _bउन्मेष प्रकाशन
_c1989
300 _a590
600 _aधर्माधिकारी
630 _a अस्वस्थ दशकाची डायरी
700 _aधर्माधिकारी
730 _a अस्वस्थ दशकाची डायरी
942 _cBOOK
999 _c96569
_d96569